The Oxford India anthology of modern urdu literature : (Record no. 9524)

MARC details
000 -LEADER
fixed length control field 00700 a2200193 4500
010 ## - LIBRARY OF CONGRESS CONTROL NUMBER
LC control number ENG-88943
020 ## - INTERNATIONAL STANDARD BOOK NUMBER
International Standard Book Number 9780195676396
Terms of availability 795.00
035 ## - SYSTEM CONTROL NUMBER
System control number EN-72476
037 ## - SOURCE OF ACQUISITION
Source of stock number/acquisition DBAD / PUB
082 14 - DEWEY DECIMAL CLASSIFICATION NUMBER
Classification number 840.8
090 ## - LOCALLY ASSIGNED LC-TYPE CALL NUMBER (OCLC); LOCAL CALL NUMBER (OCLC)
-- 9701
-- 9701
245 1# - TITLE STATEMENT
Title The Oxford India anthology of modern urdu literature :
Remainder of title poetry and prose miscellany /
Statement of responsibility, etc edited by Mehr Afshan Farooqi
260 ## - PUBLICATION, DISTRIBUTION, ETC. (IMPRINT)
Place of publication, distribution, etc New Delhi
Name of publisher, distributor, etc Oxford University Press
Date of publication, distribution, etc 2008
300 ## - PHYSICAL DESCRIPTION
Extent xi, 325p. ;
Dimensions 22 cm (Hb)
500 ## - GENERAL NOTE
General note Includes bibliographical references and index
700 ## - ADDED ENTRY--PERSONAL NAME
Personal name Farooqi, Mehr Afshan
942 ## - ADDED ENTRY ELEMENTS (KOHA)
Institution code [OBSOLETE] dpl
Koha item type English Books
Call number prefix 840.8 / OXF
Holdings
Withdrawn status Lost status Source of classification or shelving scheme Damaged status Not for loan Collection code Home library Current library Source of acquisition Cost, normal purchase price Total Checkouts Full call number Barcode Date last seen Copy number Uniform Resource Identifier Cost, replacement price Price effective from Koha item type
    Dewey Decimal Classification   Not For Loan Non-fiction D.B.Act.Division D.B.Act.Division DBAD/PUB 795.00   840.8 EN-72476 15/09/2008 1 10510 795.00 15/09/2008 English Books

© Delhi Public Library
Hit Counter
free hit counter